00613 2200217 4500001002100000005001700021008004100038020001800079035002500097090001800122100002400140245007500164250001100239260003700250300003000287650001200317850001200329990001800341990001800359990001800377YOGYA-0209000004070220150422142757.0 ind  a979-8956-54-0 a0010-020900000040702 aRQ 050bIbr A aIBRAHIM, Kh Salamun aAlmanak masehi-Hijri 1920-2020 M/1339-1439 Hcoleh Kh. Salamun Ibrahim aCet. 2 aSurabayabPustaka Agressifc2006 axii, 408 hlmbilusc26 cm aAlmanak aYOPDYOG a32011-PD/B.07 a32012-PD/B.07 a32013-PD/B.07